000 01084cad a22002055a 4500
001 E154367
008 111121s2011 xxk f s000 0 eng d
020 _a9781780455129
035 _a(Sirsi) u154367
041 0 _aeng
110 2 _aScotland
_bScottish Government
_95344
245 0 0 _aIntroduction of an energy performance certificate lodgement transaction fee
_h[electronic resource]
260 _aEdinburgh
_bScottish Government
_c2011
520 _aSeeks views on a suggested fee for lodging Energy Performance Certificates (EPCs) following the establishment of a database for non-domestic buildings. The consultation also covers proposals to introduce a fee for lodging domestic EPCs on the domestic register on the Home Energy Efficiency Database. Deadline for comments is 13 January 2012.
590 _aKA
651 4 _aScotland
_y1999-
690 _aENVIRONMENTAL AND LAND CONSULTANCY-ENERGY-ENERGY USE-ENERGY EFFICIENCY
856 4 0 _uhttps://www.scotland.gov.uk/Publications/2011/11/16154018/0
_zView the consultation free of charge at www.scotland.gov.uk
942 _n0
999 _c112952
_d112952